| 000 | 00427pab a2200157 454500 | ||
|---|---|---|---|
| 008 | 180718b2015 xxu||||| |||| 00| 0 eng d | ||
| 100 | _aGellert, Paul K. | ||
| 245 | _aOptimism and education: the new ideology of development in Indonesia | ||
| 260 | _c2015 | ||
| 300 | _ap.371-393. | ||
| 362 | _aAug | ||
| 650 | _aEducation - Indonesia | ||
| 650 | _aEducation | ||
| 773 | _aJournal of Contemporary Asia | ||
| 909 | _a109440 | ||
| 999 |
_c109435 _d109435 |
||